Normal view
MARC view
Entry Personal Name
001 - CONTROL NUMBER
- control field: 11046
003 - CONTROL NUMBER IDENTIFIER
- control field: OSt
005 - DATE AND TIME OF LATEST TRANSACTION
- control field: 20160913184932.0
008 - FIXED-LENGTH DATA ELEMENTS
- fixed length control field: 160913|| aca||aabn | a|a d
040 ## - CATALOGING SOURCE
- Original cataloging agency: OSt
- Transcribing agency: OSt
100 ## - HEADING--PERSONAL NAME
- Personal name: Polgar,stephen;Thomas,shave,A;
670 ## - SOURCE DATA FOUND
- Source citation: Work cat.: (OSt): Polgar,stephen;Thomas,shave,A;, Introduction to Research in the Health Sciences:, 2008.
